[Event "Batumi Municipality Cup"]
[Site "Batumi GEO"]
[Date "2018.07.07"]
[Round "6.11"]
[White "Mgeladze, Tamaz"]
[Black "Rahul, S"]
[Result "1-0"]
[WhiteTitle "FM"]
[WhiteElo "2374"]
[BlackElo "2253"]
[WhiteFideId "13601202"]
[BlackFideId "5092515"]
[EventDate "2018.07.02"]

1. c4 Nf6 2. g3 g6 3. Bg2 Bg7 4. Nf3 O-O 5. O-O d6 6. Nc3 Nc6 7. d3 e5 8. Rb1 a5
9. a3 h6 10. b4 axb4 11. axb4 Be6 12. b5 Ne7 13. Bb2 Qd7 14. Re1 Bh3 15. Bh1 Ng4
16. Ra1 f5 17. Rxa8 Rxa8 18. Qb3 Kh7 19. Nd2 Rb8 20. Ra1 Qe6 21. Nd5 Nxd5 22.
cxd5 Qf7 23. b6 f4 24. Bf3 Nf6 25. Nc4 Nxd5 26. Nxd6 cxd6 27. Bxd5 Qd7 28. Qa4
Qf5 29. Rc1 Rf8 30. Bf3 Bg4 31. Bxg4 Qxg4 32. Qe4 d5 33. Qf3 Qe6 34. Rc7 Rf5 35.
e4 Qxb6 36. exf5 Qxc7 37. fxg6+ Kxg6 38. Qxd5 fxg3 39. Qe4+ Kf7 40. hxg3 Kg8 41.
Kg2 Bf6 42. Qg6+ Qg7 43. Qf5 Qf7 44. Qg4+ Bg7 45. Qe4 Qc7 46. Kf3 Qf7+ 47. Ke3
Qe7 48. Qd5+ Kh7 49. Qe4+ Kg8 50. Ke2 Qc7 51. Qc4+ Qxc4 52. dxc4 Kf7 53. Ke3 Ke6
54. Ke4 Bf6 55. g4 b6 56. Bc3 Bh4 57. f3 Bf6 58. Bb2 Kd6 59. f4 Kc5 60. Bxe5 Be7
61. Bd4+ Kxc4 62. Bxb6 Kb5 63. Bd4 Bf8 64. Kd5 Kb4 65. f5 Kb3 66. Bc5 Bg7 67.
Be7 Kc2 68. f6 Bh8 69. f7 Bg7 70. f8=Q Bxf8 71. Bxf8 1-0

[Event "Batumi Municipality Cup"]
[Site "Batumi GEO"]
[Date "2018.07.07"]
[Round "6.12"]
[White "Sanchez, Louis"]
[Black "Oboladze, Luka"]
[Result "1-0"]
[WhiteTitle "FM"]
[WhiteElo "2290"]
[BlackElo "2378"]
[WhiteFideId "624225"]
[BlackFideId "13608207"]
[EventDate "2018.07.02"]

1. Nf3 Nf6 2. g3 g6 3. Bg2 c5 4. c4 Bg7 5. O-O O-O 6. d4 cxd4 7. Nxd4 Nc6 8. Nc3
Nxd4 9. Qxd4 d6 10. b3 Nd7 11. Qd2 Nc5 12. Bb2 a5 13. Nd5 Bxb2 14. Qxb2 Be6 15.
Rfd1 Bxd5 16. Rxd5 Qb6 17. Rb1 Rfc8 18. h4 Qc7 19. h5 Nd7 20. Rbd1 Rd8 21. Rb5
Rab8 22. hxg6 hxg6 23. Qd2 b6 24. Qh6 e5 25. Bd5 Nf8 26. g4 Qd7 27. f3 Qe7 28.
g5 Nh7 29. Qxg6+ Kh8 30. Bxf7 Qxg5+ 31. Qxg5 Nxg5 32. Bd5 Kg7 33. Kg2 Kf6 34.
Rh1 Kg7 35. e3 Rf8 36. Rh4 Nh7 37. Rg4+ Kh6 38. Rh4+ Kg7 39. f4 Rfe8 40. Rg4+
Kf6 41. Kf3 Nf8 42. Rg8 Re7 43. Be4 Ree8 44. Rd5 Rbd8 45. Rb5 Rb8 46. a3 Re7 47.
Rd5 Rd8 48. Rd1 Ree8 49. Rh1 exf4 50. exf4 Ne6 51. Rg6+ Kf7 52. Rh7+ Kf8 53. Bd5 1-0

[Event "Batumi Municipality Cup"]
[Site "Batumi GEO"]
[Date "2018.07.07"]
[Round "6.13"]
[White "Khalaji, Hanieh"]
[Black "Martynov, Roman"]
[Result "1-0"]
[WhiteTitle "WFM"]
[BlackTitle "FM"]
[WhiteElo "2146"]
[BlackElo "2366"]
[WhiteFideId "12506176"]
[BlackFideId "14132044"]
[EventDate "2018.07.02"]

1. e4 c5 2. c3 d5 3. exd5 Qxd5 4. d4 Nf6 5. Nf3 e6 6. Be3 cxd4 7. cxd4 Nc6 8.
Nc3 Qa5 9. a3 Bd7 10. Bd3 Rc8 11. O-O Be7 12. Qe2 O-O 13. Rfd1 Rfd8 14. Rac1 Be8
15. Bb1 Qh5 16. Ba2 g6 17. h3 a6 18. Bg5 Nxd4 19. Nxd4 Qxg5 20. Nxe6 fxe6 21.
Qxe6+ Kf8 22. Re1 Bd6 23. Ne4 Qe5 24. Rxc8 Rxc8 25. Nxd6 Qxe6 26. Rxe6 Rc1+ 27.
Kh2 Bd7 28. Rxf6+ Ke7 29. Ne4 1-0

[Event "Batumi Municipality Cup"]
[Site "Batumi GEO"]
[Date "2018.07.07"]
[Round "6.14"]
[White "Pogosyan, Stefan"]
[Black "Gvetadze, Sofio"]
[Result "1/2-1/2"]
[WhiteTitle "FM"]
[BlackTitle "IM"]
[WhiteElo "2356"]
[BlackElo "2316"]
[WhiteFideId "34159867"]
[BlackFideId "13601440"]
[EventDate "2018.07.02"]

1. d4 Nf6 2. c4 g6 3. Nc3 Bg7 4. g3 O-O 5. Bg2 c5 6. Nf3 cxd4 7. Nxd4 Nc6 8. O-O
Qb6 9. e3 d6 10. b3 Bd7 11. Bb2 Rfc8 12. Qd2 a6 13. Rad1 Rab8 14. Nxc6 Bxc6 15.
e4 Qa5 16. a3 b5 17. b4 Qc7 18. cxb5 axb5 19. Rc1 Qa7 20. Rc2 Nd7 21. Rfc1 Ne5
22. Nxb5 Rxb5 23. Bxe5 Bxe5 24. Bh3 Rd8 25. Rxc6 Qxa3 26. Rb1 Rdb8 27. f4 Qa7+
28. Kh1 Qd4 29. Qc2 Rxb4 30. Rc8+ Rxc8 31. Qxc8+ Kg7 32. Rxb4 Qxb4 33. fxe5 Qe1+
34. Kg2 Qxe4+ 35. Kg1 Qxe5 36. Qc2 Qe3+ 37. Qf2 Qxf2+ 38. Kxf2 Kf6 39. Ke3 Ke5
40. Bd7 f5 41. h4 h6 42. Be8 g5 43. hxg5 hxg5 44. Bd7 g4 45. Bc8 Kf6 46. Kd4 Kg5
47. Kd5 f4 48. gxf4+ Kxf4 49. Ke6 d5 50. Kxd5 g3 51. Bh3 e5 52. Bg2 Kf5 1/2-1/2

[Event "Batumi Municipality Cup"]
[Site "Batumi GEO"]
[Date "2018.07.07"]
[Round "6.15"]
[White "Chkhaidze, Nikoloz"]
[Black "Al Hosani, Omran"]
[Result "1-0"]
[WhiteTitle "FM"]
[BlackTitle "FM"]
[WhiteElo "2337"]
[BlackElo "2089"]
[WhiteFideId "13601750"]
[BlackFideId "9308733"]
[EventDate "2018.07.02"]

1. d4 Nf6 2. c4 e6 3. Nc3 Bb4 4. Bg5 b6 5. f3 O-O 6. e4 d6 7. Bd3 Bxc3+ 8. bxc3
Nbd7 9. f4 e5 10. Nf3 exf4 11. O-O Bb7 12. Qc2 h6 13. Bxf4 Qe7 14. Rae1 Nh5 15.
Bc1 Rfe8 16. Qf2 Ndf6 17. Qh4 g6 18. Bxh6 Nxe4 19. Ng5 f5 20. d5 Nhf6 21. Bxe4
Nxe4 22. Rxe4 fxe4 23. Rf7 Qxf7 24. Nxf7 e3 1-0

[Event "Batumi Municipality Cup"]
[Site "Batumi GEO"]
[Date "2018.07.07"]
[Round "6.16"]
[White "Tereladze, Sopiko"]
[Black "Mammadova, Narmin"]
[Result "1/2-1/2"]
[WhiteTitle "WIM"]
[BlackTitle "WIM"]
[WhiteElo "2169"]
[BlackElo "2209"]
[WhiteFideId "13600486"]
[BlackFideId "13403710"]
[EventDate "2018.07.02"]

1. d4 d5 2. Nf3 Nf6 3. Bf4 g6 4. e3 Bg7 5. Nbd2 O-O 6. c3 b6 7. Bd3 Bb7 8. O-O
Nbd7 9. Ne5 Nh5 10. Nxd7 Qxd7 11. Bg5 c5 12. f4 f5 13. Nf3 Nf6 14. Ne5 Qd6 15.
Bh4 c4 16. Be2 b5 17. Bf3 Ne4 18. Bxe4 dxe4 19. b3 Bf6 20. Bg3 Bd5 21. bxc4 bxc4
22. Qa4 Rfc8 23. Rab1 1/2-1/2

[Event "Batumi Municipality Cup"]
[Site "Batumi GEO"]
[Date "2018.07.07"]
[Round "6.17"]
[White "Eynullayev, Altay"]
[Black "Bashirov, Teymur"]
[Result "1-0"]
[WhiteTitle "FM"]
[WhiteElo "2134"]
[BlackElo "2379"]
[WhiteFideId "13413562"]
[BlackFideId "13430181"]
[EventDate "2018.07.02"]

1. d4 d5 2. c4 e6 3. Nf3 Nf6 4. g3 Bb4+ 5. Bd2 Be7 6. Bg2 O-O 7. O-O c6 8. Qc2
Nbd7 9. Rd1 b6 10. Bf4 Nh5 11. Bc1 Nhf6 12. Nbd2 Bb7 13. e4 dxe4 14. Nxe4 Nxe4
15. Qxe4 Qc7 16. Bf4 Bd6 17. Bxd6 Qxd6 18. c5 Qc7 19. Rac1 Rfd8 20. h4 Rac8 21.
Qe2 Nf6 22. Ne5 Nd5 23. Qe4 b5 24. a3 Re8 25. Rd3 Rcd8 26. Rcd1 Re7 27. Rf3 Bc8
28. Bf1 Nf6 29. Qxc6 Bb7 30. Qxc7 Rxc7 31. c6 Ba6 32. a4 Rd5 33. axb5 Bxb5 34.
Rb3 a6 35. Bc4 Rd8 36. Bxb5 axb5 37. Rxb5 Kf8 38. Rb4 Nd5 39. Rc4 Ke7 40. b4 f6
41. Nf3 Rb8 42. Rb1 Rb5 43. Nd2 Rc8 44. Ne4 Rcb8 45. Ra1 Rc8 46. Ra7+ Rc7 47.
Nc3 Rxa7 48. Nxb5 Ra8 49. Nc3 Nb6 50. Rc5 Rd8 51. c7 Rc8 52. d5 exd5 53. Rc6 Na8
54. Nxd5+ Kd7 55. b5 Re8 56. Rc1 Kc8 57. b6 Re6 1-0

[Event "Batumi Municipality Cup"]
[Site "Batumi GEO"]
[Date "2018.07.07"]
[Round "6.18"]
[White "Martynyuk, Elizaveta"]
[Black "Primbetov, Kazbek"]
[Result "1/2-1/2"]
[WhiteTitle "FM"]
[WhiteElo "2182"]
[BlackElo "2257"]
[WhiteFideId "24128511"]
[BlackFideId "13702297"]
[EventDate "2018.07.02"]

1. e4 c5 2. Nf3 d6 3. d4 cxd4 4. Nxd4 Nf6 5. Nc3 g6 6. Be3 Bg7 7. f3 Nc6 8. Qd2
h5 9. Bc4 Bd7 10. Bb3 a6 11. O-O Na5 12. Rae1 Rc8 13. Kh1 Nc4 14. Bxc4 Rxc4 15.
Nb3 O-O 16. Bh6 Bxh6 17. Qxh6 e5 18. Rd1 Be6 19. Rd2 Rc6 20. h3 Nd7 21. Rfd1 Qe7
22. Qe3 Rfc8 23. Qf2 g5 24. Na4 b5 25. Nc3 b4 26. Na4 Bxb3 27. axb3 h4 28. c3
Rb8 29. Qa7 bxc3 30. Nxc3 Rxb3 31. Nd5 Qd8 32. Qxd7 Qxd7 33. Nf6+ Kf8 34. Nxd7+
Ke7 35. Nf6 Kxf6 36. Rxd6+ Rxd6 37. Rxd6+ Ke7 38. Rxa6 Rxb2 39. Rc6 f6 40. Ra6 1/2-1/2

[Event "Batumi Municipality Cup"]
[Site "Batumi GEO"]
[Date "2018.07.08"]
[Round "7.4"]
[White "Levin, Evgeny A."]
[Black "Quparadze, Giga"]
[Result "1/2-1/2"]
[WhiteTitle "GM"]
[BlackTitle "GM"]
[WhiteElo "2539"]
[BlackElo "2503"]
[WhiteFideId "4182596"]
[BlackFideId "13602250"]
[EventDate "2018.07.02"]

1. d4 Nf6 2. c4 e6 3. Nf3 Bb4+ 4. Nbd2 b6 5. a3 Bxd2+ 6. Qxd2 O-O 7. e3 a5 8. b3
d5 9. Bb2 Ba6 10. Rc1 Nbd7 11. Be2 a4 12. bxa4 c5 13. O-O Bb7 14. cxd5 Bxd5 15.
Bb5 Bb3 16. Bxd7 Nxd7 17. Qc3 Bd5 18. dxc5 f6 19. cxb6 Nxb6 20. Qc7 Nxa4 21.
Qxd8 Rfxd8 22. Bc3 1/2-1/2

[Event "Batumi Municipality Cup"]
[Site "Batumi GEO"]
[Date "2018.07.08"]
[Round "7.7"]
[White "Sindarov, Javokhir"]
[Black "Suleymanli, Aydin"]
[Result "1-0"]
[WhiteTitle "IM"]
[BlackTitle "FM"]
[WhiteElo "2474"]
[BlackElo "2266"]
[WhiteFideId "14205483"]
[BlackFideId "13413937"]
[EventDate "2018.07.02"]

1. e4 c6 2. Nc3 d5 3. Nf3 Bg4 4. h3 Bxf3 5. Qxf3 e6 6. d4 dxe4 7. Qxe4 Nf6 8.
Qd3 Na6 9. a3 Nc7 10. g3 Be7 11. Bg2 O-O 12. O-O Ncd5 13. Ne2 b5 14. b3 b4 15.
axb4 Nxb4 16. Qd2 Qb6 17. c3 Nbd5 18. c4 Nb4 19. Qc3 Rad8 20. Be3 c5 21. Ra4 a5
22. Rfa1 Nc6 23. dxc5 Bxc5 24. Bxc6 Qxc6 25. Bxc5 Qxc5 26. Rxa5 Qc6 27. Qe3 Qe4
28. Qxe4 Nxe4 29. Re5 Nd2 30. Re3 Rb8 31. Nd4 e5 32. Nb5 Rfd8 33. Kg2 e4 34. Rd1
f5 35. Rc3 Kf7 36. b4 Nf3 37. Nd6+ Ke6 38. c5 Rd7 39. b5 Rc7 40. c6 Ne5 41. Nb7
Rbxb7 42. cxb7 Rxb7 43. Rb1 Kd7 44. b6 Kd6 45. Rb5 g6 46. Rc7 Rxb6 47. Rxb6+
Kxc7 48. Re6 Nc6 49. g4 Nd4 50. Re7+ Kd6 51. Rxh7 Ke5 52. gxf5 Nxf5 53. h4 Kf4
54. Kh3 g5 55. h5 g4+ 56. Kh2 Kg5 57. Rh8 Nh6 58. Kg3 Nf5+ 59. Kh2 Nh6 60. Re8
Kxh5 61. Re5+ Kh4 62. Kg2 Nf7 63. Rxe4 Kg5 64. Ra4 Nh6 65. Kf1 Kf5 66. Ke2 Kg5
67. Ke3 Nf5+ 68. Ke4 Ng7 69. Ra8 Nh5 70. Rg8+ Kh4 71. Kf5 g3 72. f4 Kh3 73. Rg5
Kh4 74. Ke4 Nf6+ 75. Kf3 Nh5 76. Rg6 Kh3 77. Rg4 1-0

[Event "Batumi Municipality Cup"]
[Site "Batumi GEO"]
[Date "2018.07.08"]
[Round "7.11"]
[White "Garayev, Kanan"]
[Black "Chkhaidze, Nikoloz"]
[Result "1-0"]
[WhiteTitle "FM"]
[BlackTitle "FM"]
[WhiteElo "2300"]
[BlackElo "2337"]
[WhiteFideId "13406671"]
[BlackFideId "13601750"]
[EventDate "2018.07.02"]

1. d4 Nf6 2. c4 g6 3. Nc3 d5 4. cxd5 Nxd5 5. e4 Nxc3 6. bxc3 Bg7 7. Bc4 c5 8.
Ne2 O-O 9. Be3 Nc6 10. Rc1 Qc7 11. h4 h5 12. Qd2 Rd8 13. Bh6 Bf6 14. Bg5 Bg7 15.
O-O Qa5 16. Qf4 Rf8 17. e5 Kh7 18. Qg3 Bg4 19. f3 Bf5 20. Qf2 Rad8 21. Bb3 Bd3
22. d5 Nxe5 23. Bxe7 c4 24. Bxd8 Rxd8 25. Bc2 Bh6 26. f4 Ng4 27. Qf3 Qc5+ 28.
Nd4 Bxf1 29. Rxf1 Rxd5 30. f5 Ne5 31. fxg6+ fxg6 32. Qxh5 Qe7 33. g3 Kg7 34. Qe2
Qd7 35. h5 Nd3 36. hxg6 Kg8 37. Rf7 Qc8 38. Qe7 Ne5 39. Rf8+ 1-0

[Event "Batumi Municipality Cup"]
[Site "Batumi GEO"]
[Date "2018.07.08"]
[Round "7.12"]
[White "Gvetadze, Sofio"]
[Black "Khalaji, Hanieh"]
[Result "1/2-1/2"]
[WhiteTitle "IM"]
[BlackTitle "WFM"]
[WhiteElo "2316"]
[BlackElo "2146"]
[WhiteFideId "13601440"]
[BlackFideId "12506176"]
[EventDate "2018.07.02"]

1. e4 c6 2. d4 d5 3. exd5 cxd5 4. c4 Nf6 5. Nc3 g6 6. Qb3 Bg7 7. cxd5 O-O 8.
Nge2 Na6 9. Nf4 Nc7 10. g3 Rb8 11. Bg2 b5 12. O-O Bb7 13. Re1 Ba8 14. a3 a5 15.
Be3 g5 16. Nd3 h6 17. d6 exd6 18. Bxa8 a4 19. Qd1 Nxa8 20. Qf3 Qd7 21. Nb4 Nb6
22. d5 Ng4 23. Nc6 Nc4 24. Bd4 Bxd4 25. Nxd4 Nce5 26. Qd1 Qa7 27. Kg2 Rfc8 28.
Re2 Rc4 29. Ndxb5 Qc5 30. h3 Nf6 31. Rd2 Rxb5 32. Nxb5 Qxb5 33. Rc1 Rxc1 34.
Qxc1 Ne4 35. Rd4 Nxf2 36. Kxf2 Nd3+ 37. Rxd3 Qxd3 38. Qc6 Qd2+ 39. Kg1 Qe1+ 40.
Kg2 Qe2+ 41. Kg1 1/2-1/2

[Event "Batumi Municipality Cup"]
[Site "Batumi GEO"]
[Date "2018.07.08"]
[Round "7.13"]
[White "Mammadova, Narmin"]
[Black "Pogosyan, Stefan"]
[Result "0-1"]
[WhiteTitle "WIM"]
[BlackTitle "FM"]
[WhiteElo "2209"]
[BlackElo "2356"]
[WhiteFideId "13403710"]
[BlackFideId "34159867"]
[EventDate "2018.07.02"]

1. d4 Nf6 2. Nf3 c5 3. e3 e6 4. Bd3 b6 5. O-O Be7 6. c4 Bb7 7. Nc3 cxd4 8. exd4
d6 9. Re1 O-O 10. Qe2 Nbd7 11. Bf4 Re8 12. Rad1 Bf8 13. Bb1 a6 14. Bg5 Qc7 15.
Qd3 Rac8 16. Nd2 g6 17. d5 exd5 18. cxd5 Bg7 19. Nf3 b5 20. a3 Ng4 21. Bf4 Qb6
22. Rf1 Nge5 23. Nxe5 Nxe5 24. Qg3 f5 25. Be3 Qc7 26. Bd4 Nc4 27. Na2 Bxd4 28.
Rxd4 Qg7 29. Rdd1 Nxb2 30. Rde1 Nc4 31. Qd3 f4 32. Nb4 Ne5 33. Qb3 Qf7 34. Be4
f3 35. gxf3 a5 36. Na2 Rc5 37. Rd1 a4 38. Qe3 Bxd5 39. Rxd5 Rxd5 40. Nb4 Rc5 41.
Kh1 Nc4 42. Qd3 Ree5 43. Qd4 d5 44. Qxc5 dxe4 45. Qc8+ Kg7 46. f4 Qxf4 47. Qd7+
Kh6 48. Rg1 Qf3+ 49. Rg2 Rg5 0-1

[Event "Batumi Municipality Cup"]
[Site "Batumi GEO"]
[Date "2018.07.08"]
[Round "7.14"]
[White "Rahul, S"]
[Black "Akhvlediani, Irakli"]
[Result "1/2-1/2"]
[WhiteElo "2253"]
[BlackElo "2264"]
[WhiteFideId "5092515"]
[BlackFideId "13601938"]
[EventDate "2018.07.02"]

1. e4 c5 2. Nf3 Nc6 3. Bb5 Nf6 4. e5 Nd5 5. O-O Nc7 6. Bxc6 dxc6 7. d3 g6 8. h3
Bg7 9. Nc3 Ne6 10. Re1 O-O 11. Ne4 b6 12. Neg5 h6 13. Nxe6 Bxe6 14. Be3 Qc7 15.
c3 Rfd8 16. d4 cxd4 17. cxd4 Qb7 18. Qc1 Kh7 19. Qc3 Bd5 20. Nh4 e6 21. f4 Bf8
22. Bf2 a5 23. a3 b5 24. Qd3 Be7 25. Kh2 a4 26. g4 c5 27. dxc5 Bc4 28. Qf3 Qxf3
29. Nxf3 Rd3 30. Kg2 Bd5 31. Re3 Rd2 32. Kg3 Rxb2 33. Rc3 Rb3 34. Rxb3 axb3 35.
Nd2 b2 36. Rb1 Rxa3+ 37. Kh2 Rc3 38. Rxb2 Bxc5 39. Nb1 Rc1 40. Bxc5 Rxc5 41. Na3
Bc4 42. Rc2 g5 43. Nxb5 Rxb5 44. Rxc4 gxf4 45. Rxf4 Kg6 46. Re4 Kg5 47. Re2 Kh4
48. Re3 Rb2+ 49. Kg1 Rd2 50. Kh1 Rf2 51. Kg1 Rd2 52. Kh1 Rf2 53. Kg1 Rc2 54. Kh1
Kg5 55. Rf3 Kg6 56. Re3 h5 57. gxh5+ Kxh5 58. Rf3 Kg6 59. Kg1 Re2 60. Rg3+ Kh7
61. Rf3 Kg7 62. Rg3+ Kh6 63. Rf3 Kg6 64. Rg3+ Kh5 65. Rg7 Kh4 66. Rxf7 Kxh3 67.
Rg7 Kh4 68. Kf1 Rxe5 69. Kf2 Rg5 70. Rxg5 Kxg5 71. Ke3 Kf5 72. Kf3 e5 73. Ke3 e4
74. Ke2 Kf4 75. Kf2 e3+ 76. Ke2 Ke4 77. Ke1 Kf3 78. Kf1 e2+ 79. Ke1 Ke3 1/2-1/2

[Event "Batumi Municipality Cup"]
[Site "Batumi GEO"]
[Date "2018.07.08"]
[Round "7.15"]
[White "Martynov, Roman"]
[Black "Eynullayev, Altay"]
[Result "1-0"]
[WhiteTitle "FM"]
[BlackTitle "FM"]
[WhiteElo "2366"]
[BlackElo "2134"]
[WhiteFideId "14132044"]
[BlackFideId "13413562"]
[EventDate "2018.07.02"]

1. d4 Nf6 2. Nf3 e6 3. c4 c5 4. d5 exd5 5. cxd5 d6 6. Nc3 g6 7. Bf4 a6 8. a4 Bg7
9. h3 Qe7 10. e3 O-O 11. Be2 Nbd7 12. O-O Ne8 13. Re1 Rb8 14. Nd2 Ne5 15. Ra3
Nc7 16. Rb3 Bd7 17. a5 f5 18. Bh2 Kh8 19. f4 Nf7 20. Bc4 Rfe8 21. Bg3 Qd8 22.
Qb1 Na8 23. Qa1 Nc7 24. Bd3 Rf8 25. Nf3 Qc8 26. Bc4 Ne8 27. e4 fxe4 28. Nxe4 Nh6
29. Nh4 Qd8 30. Rb6 Nf5 31. Nxf5 Bxf5 32. Ng5 Nf6 33. Ne6 Bxe6 34. Rxe6 Nh5 35.
Rexd6 Qe7 36. Re6 Qf7 37. Bh2 Nxf4 38. Qf1 Rbd8 39. Bxf4 Qxf4 40. Qxf4 Rxf4 41.
b3 Bd4+ 42. Kh1 Rf7 43. d6 Bc3 44. Re7 Bxa5 45. Rbxb7 1-0

[Event "Batumi Municipality Cup"]
[Site "Batumi GEO"]
[Date "2018.07.08"]
[Round "7.16"]
[White "Stepanyan, Eva"]
[Black "Oboladze, Luka"]
[Result "0-1"]
[WhiteTitle "WFM"]
[WhiteElo "2096"]
[BlackElo "2378"]
[WhiteFideId "34165980"]
[BlackFideId "13608207"]
[EventDate "2018.07.02"]

1. e4 c5 2. Nf3 e6 3. d4 cxd4 4. Nxd4 a6 5. c4 Nf6 6. Nc3 Bb4 7. Qd3 O-O 8. e5
Ne8 9. Be2 d6 10. Nf3 Nc6 11. a3 Bxc3+ 12. Qxc3 f6 13. exd6 Nxd6 14. O-O e5 15.
Rd1 Qc7 16. c5 Nf5 17. Bc4+ Kh8 18. b4 Qe7 19. Bb2 Be6 20. Qb3 Bxc4 21. Qxc4
Rad8 22. Qe4 Qe6 23. h3 Qb3 24. Rxd8 Rxd8 25. Qxf5 Qxb2 26. Qb1 Qc3 27. Qe1 Qd3
28. Qb1 e4 29. Ne1 Qc3 30. Qc1 Qxc1 31. Rxc1 Rd2 32. Nc2 Rd3 33. Re1 f5 34. Ne3
g6 35. Ra1 Ne5 36. Rd1 Rxd1+ 37. Nxd1 Kg7 38. Kf1 Nc4 39. a4 Kf6 40. Nc3 Ke5 41.
Ke2 Kd4 42. Nd1 f4 43. h4 Ne5 44. g3 f3+ 45. Kd2 Nc4+ 46. Ke1 h5 47. Kf1 Ne5 48.
Ne3 Nd3 49. g4 hxg4 50. Nxg4 Nxb4 51. Nf6 Nd3 52. Nd7 Ne5 53. Nf6 Kxc5 54. Nxe4+
Kb4 55. Nd6 Kxa4 56. Nxb7 Kb4 57. Ke1 a5 58. Nxa5 Kxa5 59. Kd2 Kb5 60. Ke3 Kc5
61. Ke4 Kd6 62. Kd4 Ke6 63. Ke4 Kf6 64. Kf4 Nd3+ 65. Kxf3 Kf5 66. Kg3 Nf4 0-1

[Event "Batumi Municipality Cup"]
[Site "Batumi GEO"]
[Date "2018.07.08"]
[Round "7.17"]
[White "Al Hosani, Omran"]
[Black "Tereladze, Sopiko"]
[Result "1-0"]
[WhiteTitle "FM"]
[BlackTitle "WIM"]
[WhiteElo "2089"]
[BlackElo "2169"]
[WhiteFideId "9308733"]
[BlackFideId "13600486"]
[EventDate "2018.07.02"]

1. Nf3 Nf6 2. g3 d5 3. Bg2 e6 4. O-O Be7 5. c4 O-O 6. d4 dxc4 7. Ne5 c5 8. dxc5
Bxc5 9. Qc2 Nbd7 10. Nxc4 Qe7 11. Nc3 Nb6 12. Ne5 Bd6 13. Nf3 Bd7 14. Rd1 h6 15.
e4 e5 16. Nh4 Rac8 17. Qe2 Bc5 18. Nf5 Bxf5 19. exf5 Rfe8 20. g4 e4 21. g5 hxg5
22. Bxg5 Qe5 23. Bxf6 Qxf6 24. Qg4 Re5 25. Nxe4 Qxf5 26. Qxf5 Rxf5 27. Bh3 Re5
28. Bxc8 Rxe4 29. Rd8+ Bf8 30. Bxb7 Re2 31. b3 g6 32. a4 Kg7 33. a5 Bc5 34. axb6
Bxb6 35. Rd7 Rxf2 36. Kh1 1-0

[Event "Batumi Municipality Cup"]
[Site "Batumi GEO"]
[Date "2018.07.08"]
[Round "7.18"]
[White "Bashirov, Teymur"]
[Black "Martynyuk, Elizaveta"]
[Result "1-0"]
[BlackTitle "FM"]
[WhiteElo "2379"]
[BlackElo "2182"]
[WhiteFideId "13430181"]
[BlackFideId "24128511"]
[EventDate "2018.07.02"]

1. e4 c5 2. g3 Nc6 3. Bg2 g6 4. Ne2 Bg7 5. O-O d6 6. c3 Be6 7. Nf4 Bc4 8. d3 Ba6
9. a4 e6 10. Na3 Nge7 11. Rb1 b6 12. b4 cxb4 13. cxb4 Bb7 14. b5 Na5 15. Nc4
Nxc4 16. dxc4 O-O 17. Qd3 Qc7 18. Ba3 Rfd8 19. Rfd1 Nc8 20. Rbc1 Rd7 21. a5 Rb8
22. a6 Ba8 23. Rc2 Qd8 24. Bh3 Qf6 25. Bb2 Qe7 26. e5 Bh6 27. Ba3 Bxf4 28. gxf4
Qh4 29. exd6 Qxf4 30. Rc3 h5 31. Qg3 Qf6 32. Rcd3 Be4 33. R3d2 Bf3 34. Bb2 h4
35. Bxf6 hxg3 36. Re1 gxh2+ 37. Kxh2 Rxd6 38. Rc2 Rd3 39. Bf1 Rd7 40. Rc3 Bh5
41. Be2 Bxe2 42. Rxe2 Ne7 43. Rh3 Kf8 44. Rh8+ Ng8 45. Re3 Rd2 46. Kg2 Rc8 47.
Rxg8+ Kxg8 1-0

[Event "Batumi Municipality Cup"]
[Site "Batumi GEO"]
[Date "2018.07.09"]
[Round "8.2"]
[White "Pantsulaia, Levan"]
[Black "Smirnov, Pavel"]
[Result "1/2-1/2"]
[WhiteTitle "GM"]
[BlackTitle "GM"]
[WhiteElo "2575"]
[BlackElo "2576"]
[WhiteFideId "13602071"]
[BlackFideId "4123425"]
[EventDate "2018.07.02"]

1. Nf3 c5 2. c4 Nf6 3. g3 b6 4. Bg2 Bb7 5. O-O e6 6. Nc3 Be7 7. d4 cxd4 8. Qxd4
O-O 9. Rd1 Qc8 10. b3 Na6 11. Bb2 Nc5 1/2-1/2

[Event "Batumi Municipality Cup"]
[Site "Batumi GEO"]
[Date "2018.07.09"]
[Round "8.3"]
[White "Tutisani, Noe"]
[Black "Sanikidze, Tornike"]
[Result "1/2-1/2"]
[WhiteTitle "FM"]
[BlackTitle "GM"]
[WhiteElo "2469"]
[BlackElo "2512"]
[WhiteFideId "13602853"]
[BlackFideId "13602608"]
[EventDate "2018.07.02"]

1. e4 e5 2. Nf3 Nc6 3. Bc4 Bc5 4. c3 Nf6 5. d4 exd4 6. e5 d5 7. Bb5 Ne4 8. cxd4
Bb4+ 9. Bd2 Nxd2 10. Nbxd2 O-O 11. a3 Ba5 12. O-O f6 13. Bxc6 bxc6 14. Qa4 Bxd2
15. Nxd2 fxe5 16. Qxc6 Rb8 17. dxe5 Rxb2 18. Qc3 Rb6 19. Qd4 Rh6 20. Rac1 c6 21.
Rc3 Qe7 22. Re1 Qg5 23. Rg3 Qe7 1/2-1/2

[Event "Batumi Municipality Cup"]
[Site "Batumi GEO"]
[Date "2018.07.09"]
[Round "8.6"]
[White "Mosadeghpour, Masoud"]
[Black "Levin, Evgeny A."]
[Result "1-0"]
[WhiteTitle "GM"]
[BlackTitle "GM"]
[WhiteElo "2531"]
[BlackElo "2539"]
[WhiteFideId "12519278"]
[BlackFideId "4182596"]
[EventDate "2018.07.02"]

1. e4 e6 2. d4 d5 3. Nc3 Nf6 4. e5 Nfd7 5. f4 c5 6. Nf3 Nc6 7. Be3 a6 8. Qd2 b5
9. dxc5 Bxc5 10. Bd3 Qb6 11. Bf2 Bxf2+ 12. Qxf2 Qxf2+ 13. Kxf2 O-O 14. Rhe1 f6
15. exf6 Rxf6 16. g3 Nc5 17. Kg1 Bb7 18. Ne2 Ne4 19. Bxe4 dxe4 20. Ng5 Nb4 21.
Nd4 Rd8 22. Rad1 h6 23. Ngxe6 Rc8 24. f5 g6 25. a3 Nd5 26. fxg6 Rxg6 27. b4 Ba8
28. Nc5 e3 29. Nf5 Re8 30. Rd3 Rg5 31. Nxe3 Nf4 32. Rd6 Nh3+ 33. Kf1 Rge5 34.
Nd7 Rxe3 35. Nf6+ Kf7 36. Nxe8 Rf3+ 37. Ke2 Kxe8 38. Rxh6 Ng5 39. Rh8+ Rf8 40.
Kd3+ 1-0

[Event "Batumi Municipality Cup"]
[Site "Batumi GEO"]
[Date "2018.07.09"]
[Round "8.9"]
[White "Suleymanli, Aydin"]
[Black "Sibashvili, Giorgi"]
[Result "1/2-1/2"]
[WhiteTitle "FM"]
[BlackTitle "IM"]
[WhiteElo "2266"]
[BlackElo "2408"]
[WhiteFideId "13413937"]
[BlackFideId "13602799"]
[EventDate "2018.07.02"]

1. d4 g6 2. c4 Bg7 3. Nc3 d6 4. g3 e5 5. dxe5 dxe5 6. Qxd8+ Kxd8 7. Bg5+ f6 8.
O-O-O+ Nd7 9. Be3 Bh6 10. Bh3 Bxe3+ 11. fxe3 Nh6 12. Nf3 Rf8 13. Rd2 Rf7 14.
Rhd1 Ke8 15. Nb5 Kd8 16. Nc3 Ke8 17. Ne4 Nf5 18. Bxf5 gxf5 19. Nc3 c6 20. Nh4
Nb6 21. Rd8+ Ke7 22. c5 Nd5 23. Nxd5+ Kxd8 24. Nb6+ Bd7 25. Nxa8 Ke7 26. Rf1 Rf8
27. Nb6 axb6 28. cxb6 Ra8 29. Nxf5+ Bxf5 30. Rxf5 Kf7 31. a3 Ra6 32. g4 h6 33.
Kc2 Rxb6 34. Rf1 Rb5 35. b4 c5 36. Rb1 Kg6 37. Kd3 cxb4 38. axb4 Kg5 39. Kc4 Rb6
40. b5 Kxg4 41. Rg1+ Kh3 42. Rg7 Kxh2 43. Kc5 Re6 44. Rxb7 Kg3 45. Rf7 Kf2 46.
b6 Kxe2 47. b7 Re8 48. Rxf6 Kxe3 49. Rxh6 e4 50. Kb5 Rb8 1/2-1/2